000 00862nam a2200217Ia 4500
001 1264
003 GE_BSU
008 181216s||||||||xx |||||||||||||| ||und||
040 _cGE_BSU
080 _a581.526.42(075.8)
100 _aაბაშიძე,ი.
245 _aდენდროლოგია მცენარეთა გეოგრაფიის ელემენტებით.ნ1.
260 _aთბილისი.
260 _bსასოფლო საეურნეო ინსტიტუტის გამომცემლობა.
260 _c1959.
300 _a349 გვ.23 სმ.
541 _h10 ლ.
653 _aდენდროლოგია მცენარეთა გეოგრაფიის ელემენტებით.
653 _aდენდროლოგია.
942 _cBK
999 _c35409
_d35409